[Event "U.S. Championship"]
[Site "Saint Louis USA"]
[Date "2021.10.11"]
[Round "5"]
[White "Caruana, Fabiano"]
[Black "Naroditsky, Daniel"]
[Result "0-1"]
[Annotator "Caruana"]
[WhiteElo "2871"]
[BlackElo "2702"]
[WhiteFideId "-1"]
[BlackFideId "-1"]
[PlyCount "114"]
[GameId "416265643117"]
[EventDate "2021.10.06"]
[EventType "tourn"]
[EventRounds "11"]
[EventCountry "USA"]
[EventCategory "18"]
[SourceTitle "2025.12"]
[SourceDate "2025.12.01"]
[SourceVersion "1"]
[SourceVersionDate "2025.12.01"]
[SourceQuality "1"]

{[%evp 0,114,19,38,25,7,30,29,28,3,29,13,19,13,14,-7,10,22,12,-1,9,-11,12,0,21,30,32,39,42,41,52,17,1,9,25,20,34,25,30,37,37,25,45,24,29,22,20,5,26,24,10,31,26,26,64,73,53,68,74,8,22,-2,16,-8,-6,-23,-9,-60,-29,-30,-33,-73,-69,-108,-109,-97,-79,-79,-93,-105,-120,-129,-125,-126,-143,-170,-149,-155,-173,-242,-262,-294,-256,-256,-274,-274,-214,-251,-285,-333,-314,-316,-369,-331,-337,-337,-359,-369,-415,-434,-459,-427,-437,-509,-567,-962,-970] This game from the 2021 U.S. Championship was the last time I faced Danya in classical chess. We both had a slow start in the tournament and were eager for a big fight.} 1. e4 e5 2. Nf3 Nc6 3. Bb5 a6 4. Ba4 d6 {Danya was known for his varied and often unusual opening repertoire. His preference in particular was for more strategic opening variations, with less emphasis on concrete preparation. He was one of the greatest experts in the King's Indian Defense, which also explains his choice of opening for this game -- the Steinitz Deferred shares many similar themes with the KID.} 5. O-O Bd7 6. c3 Nf6 7. Re1 g6 8. d4 Bg7 {This is the major starting point for the modern theory of the Steinitz. After this game, I was inspired to pick the opening up myself, and played it in more than a dozen games, including in a match against MVL. We can see the similarities with Danya's beloved KID, as White often will push d4-d5 with an structure identical to that of the classical KID variations.} 9. Nbd2 {Because of Danya's response to this move, it is now considered theoretically harmless.} ({The modern approach to play for an opening advantage is} 9. h3 $1 O-O 10. Bc2 {.}) 9... exd4 $1 {Black can also castle first and capture next, in almost all cases transposing. Either way, this is an impressive hypermodern idea: Black completely cedes the center, and will attack the vulnerable pawns from a distance, with the pride of Black's position -- the bishop on g7 -- bearing down on d4.} 10. cxd4 O-O {[#] Danya had four games from this position and won all of them!} 11. h3 {Some prophylaxis against future ... Bd7-g4 ideas.} Nb4 $1 {Very timely! This knight is aiming for d3, and will temporarily distract White with this threat. The trade of one pair of pieces is also useful, as Black suffers a slight space disadvantage.} 12. Bxd7 (12. Bb3 {allows} Nd3 {, when Black gains the advantage of the bishop pair.}) 12... Qxd7 $1 {Now Black has ideas of both ... Nb4-d3 and ... c7-c5.} ({It looks logical to uncover the bishop with} 12... Nxd7 {, but it removes pressure on the e4-pawn, and after} 13. Nb3 $1 {White is able to consolidate.}) 13. Qb3 {Preventing ... Nb4-d3 and gaining a tempo on the knight.} ({Now} 13. Nb3 {can be met by} Qa4 $1 {. The queen cannot be removed from this square, and puts a lot of pressure on White's queenside. Next, Black can continue by attacking the e4-pawn with 14. ... Rfe8.}) (13. Nf1 {is logical, to maneuver the knight to g3, and Black must act quickly:} c5 $1 14. a3 (14. d5 $2 c4 $1 {and the knight invades on d3}) 14... Nc6 15. d5 {and now} Nd4 $1 {is a dynamic pawn sac! After} 16. Nxd4 cxd4 17. Qxd4 Rfe8 {the threat is 18. ... Nxe4. White is up a pawn, but Black's activity fully compensates for it. Play could go} 18. Qd3 Qb5 $1 19. Qxb5 axb5 20. Ng3 Nxd5 $1 {and due to the pin on the e4-pawn, Black regains the pawn and is at least no worse.}) 13... a5 $1 {It is very useful to get this move in before retreating, as Black will later gain space on the queenside with ... a5-a4. We will see in the game how important this is.} 14. a3 Nc6 15. Nf1 {Getting the knight around to g3 is logical, but perhaps it was more critical to maneuver the knight to c3 via b1.} a4 $1 16. Qd3 Na5 $1 {The point of 13. ... a5 is making itself felt. The knight is ready to position itself on the beautiful b3-square, where it is outposted and also attacks d4.} 17. Bg5 {I was generally happy to exchange off bishop for knight, as this takes some pressure off my center.} Nb3 {There is nothing wrong with this, but my engine even prefers 17. ... b5 with ideas of ... Na5-c4.} ({It is also possible to stay flexible with} 17... h6 $5 {and only later decide where to place Black's a5-knight.}) 18. Rad1 h6 {Logically, Danya did not want to tolerate my bishop on g5 for too long.} 19. Bxf6 Bxf6 20. N1d2 {Attempting to simplify the position, although this trade does not harm Black.} (20. Ne3 $5 {, aiming for the d5-square, was perhaps a better choice.}) 20... Na5 $5 {Keeping it complicated! An interesting choice, but it's fully in Danya's style to retain more tension in the position.} (20... Nxd2 21. Qxd2 Bg7 {was a perfectly fine choice. White has the center, but Black has a strong, unopposed bishop and a superior queenside structure. The position is roughly equal.}) 21. Nb1 {Continuing to maneuver, but this gives Black time to expand and consolidate the bind on the queenside.} ({It was a good time to act concretely with} 21. e5 $5 dxe5 22. Ne4 {After} Bg7 23. Nxe5 Qd5 {I wouldn't be counting on any real advantage here, but I would probably have survived this game!}) 21... b5 $1 {Black's knight is now looking to the c4-square.} 22. Qc2 Bg7 23. Nc3 c6 {[#] Black has an excellent queenside structure. Although I was still not worse here, we will see how the weakness of b2 haunts me in the future.} 24. e5 $5 {It is very logical to break free, as all my pieces were ideally placed and it's hard to imagine how to improve them. On the other hand, opening the position is generally beneficial to the side with the bishop.} Rfe8 {This prevents any e5-e6 ideas I may have been aiming for.} 25. Ne4 Nc4 $1 {The knight is beautiful here.} 26. exd6 Nxd6 27. Ne5 {I remember being somewhat excited here, as my pieces are very active. Although that is true, Black is very solid and has excellent pieces as well. You can rarely break a healthy position with activity alone. Danya's understanding of the position was excellent -- Black was never even slightly worse in this game.} Qf5 $1 {Instructive! Black utilizes the pin on the e4-knight to provoke the weakening g2-g4.} 28. g4 {A must, as I have no way to tolerate this pin.} Qe6 29. Nc3 $6 {Not a big mistake, but certainly a step in the wrong direction. I was trying to keep the position complex, but my ambition led me astray.} (29. Nxd6 Qxd6 30. Nxc6 {wins a pawn. However, Black has enough compensation after a variety of quiet moves such as} Bf6 $5 {, planning ... Kg8-g7 and eventually looking to take the c-file. The issue for White is that if the d-pawn ever advances, b2 becomes very weak. Black has full compensation, although objectively White should also not be risking much.}) 29... Rac8 {Defending c6 and preparing Black's next move.} 30. Re2 {I try to double on the e-file.} Qb3 $1 {A trade of queens and the appearance of a pawn on b3 is strategically dangerous for White, but I didn't want to let the queen live on b3.} 31. Qxb3 axb3 32. Kg2 $6 {This is the first really careless move in what was up to now a very well-played game. After this I will face a great deal of danger.} ({In hindsight,} 32. f4 $1 {would have been safer, supporting the knight and preparing against ... Bg7xe5/... Nd6-c4 ideas.}) {[#]} 32... c5 $1 {An impressive, dynamic sacrifice! This must have been so tempting for a natural King's Indian player, opening the way for the monster on g7. Danya's eyes were set on the weakness of the b2-pawn.} 33. dxc5 Nc4 $1 34. Nxc4 Rxe2 {The pressure was very much on now. I could still save this game, but I'd have to calculate very well under time pressure.} 35. Nxe2 $2 {This is probably the decisive mistake.} (35. Nd6 $1 {would save the game:} Bxc3 36. Nxc8 Rxb2 (36... Bxb2 37. Rd3 $1 {eliminates the dangerous b3-pawn. After} Bxa3 38. Rxb3 Bxc5 39. Rxb5 Rxf2+ {Black is up a pawn and White still has to be accurate to hold, but objectively White is fine.}) 37. c6 $1 {and Black has a tremendous passed pawn, but so does White!} Be5 {prevents c6-c7, but then White has} 38. Ne7+ Kf8 39. Nd5 $1 Rc2 40. Nb4 $1 {, the only move to hold! The wayward knight finally comes home:} Rc4 41. Rb1 b2 42. Nd3 {, and finally White will eliminate this dangerous pawn and save the game.}) 35... bxc4 {[#]} 36. Rc1 $2 {After this natural move all hope is lost.} ({White would have chances to hold, although perhaps not many, after} 36. Nc3 $1 Rxc5 (36... Bxc3 37. bxc3 {is also a highly dangerous endgame, but objectively White can hold this. I'll spare the variations, but suffice to say White will have to play a series of very difficult only moves to survive.}) 37. Rd8+ $1 (37. Rc1 Kf8 $1 {is just slowly lost for White -- without activity, the long-term weakness of b2 is decisive}) 37... Kh7 38. Rb8 $1 {the rook is ideally placed behind Black's b-pawn. After} Bxc3 39. bxc3 Re5 $1 {the rook comes to e1, and most likely Black will win. For reasons difficult to comprehend, the rook must be on e1 and not d1. A very complex endgame!}) 36... Bxb2 37. Rxc4 Bxa3 {Now there is no way to eliminate Black's b-pawn.} 38. c6 b2 39. Nc3 Bf8 $1 {A nice maneuver. The bishop cleaned up on the queenside and is now coming back home! On g7, the bishop will defend the passed b-pawn.} 40. Nb1 Bg7 {White has b2 blockaded, but the pawn can never be eliminated. Now Black's only task is to round up the c6-pawn.} 41. Kf3 Kf8 $1 {The king comes in to assist.} 42. h4 ({White could activate the king with} 42. Ke4 Ke7 43. Kd5 {, but it allows Black's rook to invade:} Rd8+ $1 44. Kc5 Rd1 {, winning a piece (or more).}) 42... Ke7 43. h5 Kd6 {The c6-pawn is falling, and the rest is trivial. I tried to hang on as long as possible, but we both knew what would happen.} 44. hxg6 fxg6 45. Rb4 Rxc6 46. Rb7 Be5 47. Nd2 Rc2 48. Ke3 Kc6 49. Rb3 Rc3+ {A final simplification. Without rooks, the knight is eternally tied to guarding the b2-pawn.} 50. Rxc3+ Bxc3 51. Nb1 Bb4 52. f4 Kd5 53. Kd3 h5 {The h-pawn will fatally distract White's king.} 54. f5 hxg4 55. fxg6 Ke6 56. Ke4 g3 57. Kf3 Bd6 {Seeing no way to continue, I resigned. A phenomenal game from Danya! Precise opening play, good strategic vision and accurate technique crowned this achievement.} 0-1

[Event "U.S. Masters"]
[Site "Charlotte"]
[Date "2021.11.28"]
[Round "9"]
[White "Naroditsky, Daniel"]
[Black "Bodek, Michael"]
[Result "1-0"]
[Annotator "Giannatos,Peter"]
[WhiteElo "2701"]
[BlackElo "2497"]
[WhiteFideId "-1"]
[BlackFideId "-1"]
[PlyCount "51"]
[GameId "547026739422"]
[EventDate "2021.??.??"]
[SourceTitle "2025.12"]
[SourceDate "2025.12.01"]
[SourceVersion "1"]
[SourceVersionDate "2025.12.01"]
[SourceQuality "1"]

{[%evp 0,51,19,29,40,30,36,14,20,0,5,-34,-14,-19,-23,-30,2,-55,0,-35,-20,-17,-3,-17,-4,-29,-4,-68,20,-20,14,-37,40,-14,2,20,191,194,243,243,219,320,707,707,707,707,887,781,2361,29974,29975,29978,29979,29984]} 1. Nf3 e6 2. e4 d5 3. e5 c5 4. d4 {By transposition we get to a rare line of the Advance French. There was a time that I was playing this quite regularly online and in over-the-board blitz games, and it caught Danya's eye. We had some chats about the variation; soon he began playing it quite a bit online and, as we see here, OTB. He affectionately began calling this line the Giannatos Variation. While I was flattered, I knew that this was an idea of Aron Nimzovich and was more than 100 years old.} cxd4 5. Bd3 {This is the main idea -- a temporary sacrifice of the d4-pawn in order to accelerate development. The e5 pawn is a thorn in Black's position and hampers their development, so White seeks swift piece play on the kingside and in the center.} Nc6 6. O-O Qc7 {In my view, the best lines for Black involve a quick ...f7-f6, challenging control of the e5-square. It can be played on this turn, or Black can play 6. ... a6 to prevent 7. Bb5 first.} 7. Bf4 h6 {Here Bodek goes for an ambitious, albeit risky, approach, seeking to expand on the kingside and to work around the e5-pawn.} 8. Bg3 g5 9. Nbd2 {A development scheme in this line. White completes development and brings the knight to b3 to gang up on the d4-pawn.} Bg7 10. Nb3 {Danya welcomes the capture of his e5-pawn, should Black like to open lines in front of his king!} Nge7 ({Technically} 10... Nxe5 $5 {is possible, but understandably Bodek doesn't want to open the floodgates:} 11. Nbxd4 Nxf3+ (11... Ne7 {is better but still risky}) 12. Qxf3 e5 13. Nb5 Qd8 14. Rae1 {is a disaster for Black.}) 11. Nfxd4 {The correct capture, giving the white queen some action on the kingside.} Bxe5 {Bodek wants to remain a pawn up. He understands that he is behind in development, but remains solid. He's looking for a fight.} 12. Qh5 $1 {A natural follow-up to White's 11th. This places a lot of pressure on the kingside and pins the f7-pawn, opening up doors against e6. It also helps connect the rooks, which can race to the center of the board.} Qb6 (12... Bxg3 13. fxg3 {accelerates the attack.}) 13. c3 Bd7 14. f4 $1 {Danya was a natural attacker. These moves didn't have to be questioned, but the real idea will be seen next move.} gxf4 ({Or} 14... Bxf4 15. Bf2 {with similar ideas.}) {[#]} 15. Bf2 $3 {The whole idea -- now there are fatal discoveries in the air. Black must retreat, costing him time that he does not have.} Qc7 ({Not} 15... Nxd4 $4 16. Qxe5 {, while after}) (15... Bxd4 $6 16. Nxd4 {nothing has changed except Black has given away the dark squares.}) 16. Nb5 Qb8 {Now Black cannot castle queenside which he would have desperately wanted to do. White must now act with great force to justify his play.} 17. Rae1 {A natural good move.} Bg7 $2 {The final mistake.} ({Kicking the knight out with} 17... a6 {was by far the best option here, although Black is still under heavy pressure:} 18. N5d4 Qd6 19. Nxc6 Nxc6 20. Bb6 {prevents queenside castling and ensures White massive compensation.}) 18. Bc5 {Another tempo; White threatens 19. Bd6.} Nc8 19. N3d4 {Threatening 20. Nxe6, thanks to the pin on the f7-pawn. Black's position is crumbling.} Ne5 20. Rxf4 {Danya's pieces are at their maximum, and Black can no longer provide resistance.} b6 {[#]} 21. Rxf7 $3 {The final blow, or, as we'd call it in Charlotte, a CDF. For now, I will not share what the acronym stands for. Let's just say it's similar to coup de grace.} Nxf7 22. Nxe6 {The floodgates have opened.} bxc5 23. Ng5+ Ne7 24. Qxf7+ Kd8 25. Qxe7+ Kc8 26. Qxc5+ {A really fantastic attacking game by Danya, and one true to his style. Might others begin to take up the Gianna -- I mean, the Nimzovich Varation in the future? Time will tell!} 1-0